Antología de poesía popular vasca / (Record no. 177933)

MARC details
000 -LEADER
campo de control de longitud fija 00682nam a2200205 i 4500
001 - NÚMERO DE CONTROL
campo de control 177933
003 - IDENTIFICADOR DE NÚMERO DE CONTROL
campo de control ES-MaACL
005 - FECHA Y HORA DE LA ÚLTIMA TRANSACCIÓN
campo de control 20230906220441.0
008 - DATOS DE LONGITUD FIJA--INFORMACIÓN GENERAL
campo de control de longitud fija 110510s1955 sp a |||| | spa d
080 ## - NÚMERO DE LA CLASIFICACIÓN DECIMAL UNIVERSAL
Número de la Clasificación Decimal Universal 821.361-193
100 1# - ENTRADA PRINCIPAL--NOMBRE DE PERSONA
Nombre de persona Gorostiaga, Juan de.
9 (RLIN) 59210
245 10 - MENCIÓN DEL TÍTULO
Título Antología de poesía popular vasca /
Mención de responsabilidad, etc. Juan Gorostiaga.
260 ## - PUBLICACIÓN, DISTRIBUCIÓN, ETC.
Lugar de publicación, distribución, etc. San Sebastián :
Nombre del editor, distribuidor, etc. Biblioteca Vascongada de los Amigos del País,
Fecha de publicación, distribución, etc. 1955.
300 ## - DESCRIPCIÓN FÍSICA
Extensión 124 p. :
Otras características físicas il. bl. y n. ;
Dimensiones 23 cm.
490 1# - MENCIÓN DE SERIE
Mención de serie Monografías vascongadas ;
Designación de volumen o secuencia 13
650 #4 - PUNTO DE ACCESO ADICIONAL DE MATERIA--TÉRMINO DE MATERIA
Término de materia o nombre geográfico como elemento de entrada Poesías vascas.
9 (RLIN) 160489
830 0# - PUNTO DE ACCESO ADICIONAL DE SERIE-TÍTULO UNIFORME
Título uniforme Monografías vascongadas ;
Designación de volumen o secuencia 13
9 (RLIN) 190656
852 ## - LOCALIZACIÓN
Ubicación ES-MaACL
Número de control de estantería E-15025
Encuadernación Olim P-817
Holdings
Estatus retirado Estado de pérdida Estado de daño No para préstamo Biblioteca de origen Biblioteca actual Ubicación en estantería Fecha de adquisición Fuente de adquisición Total de préstamos Signatura topográfica completa Código de barras Visto por última vez Precio de reemplazo Tipo de ítem Koha
        Biblioteca del Ateneo de Madrid Biblioteca del Ateneo de Madrid Depósito 2 10/05/2011     E-15025 1186923 23/02/2023 23/02/2023 Libro impreso